[Event "Sofia MGU op 178th"]
[Site "Sofia"]
[Date "2017.01.08"]
[Round "6"]
[White "Babatov, Martin"]
[Black "Vasilev, Luboslav"]
[Result "0-1"]
[WhiteElo "1625"]
[BlackElo "1813"]
[PlyCount "122"]
[EventDate "2017.01.07"]
[EventType "swiss"]
[EventRounds "6"]
[EventCountry "BUL"]
[SourceTitle "CBM 176 Extra"]
[Source "ChessBase"]
[SourceDate "2017.03.02"]
[SourceVersion "1"]
[SourceVersionDate "2017.03.02"]
[SourceQuality "1"]

1. d4 d5 2. c4 c6 3. Bf4 Nf6 4. e3 e6 5. Nc3 Nbd7 6. Nf3 Nh5 7. Be5 Nxe5 8. Nxe5 Nf6 9. c5 Be7 10. b4 Bd7 11. Bd3 b6 12. 0-0 0-0 13. Qc2 h6 14. Rfb1 b5 15. a4 a6 16. axb5 axb5 17. Ra2 Qc7 18. Rba1 Qb7 19. Qb2 Rxa2 20. Qxa2 Rb8 21. Qa7 g6 22. Qxb7 Rxb7 23. Ra6 Rc7 24. Ne2 Kg7 25. Nc1 Bd8 26. Nb3 Rc8 27. Ra7 Be8 28. Nxg6 Nd7 29. Nf4 e5 30. Ne2 e4 31. Bc2 f5 32. Na5 Kf6 33. Nf4 Nf8 34. Bd1 Ne6 35. Nxe6 Kxe6 36. g4 Bc7 37. gxf5+ Kxf5 38. h3 h5 39. Ra6 Bb8 40. Kh1 Kg5 41. Be2 Kh4 42. Bf1 Bd7 43. Ra8 Rf8 44. Bg2 Bd6 45. Rxf8 Bxf8 46. Kh2 Be7 47. Nb7 Bc8 48. Na5 Bd7 49. Nb7 Be8 50. f3 exf3 51. Bxf3 Bg5 52. e4 dxe4 53. Bxe4 Bf4+ 54. Kg2 Bd7 55. Nd8 Bxh3+ 56. Kh1 Kg3 57. Nxc6 h4 58. d5 Bf1 59. Nd4 h3 60. Nf5+ Kf2 61. Nh4 Bg3 0-1

[Event "Sofia MGU op 178th"]
[Site "Sofia"]
[Date "2017.01.08"]
[Round "4"]
[White "Vasilev, Luboslav"]
[Black "Metev, Martin"]
[Result "0-1"]
[WhiteElo "1813"]
[BlackElo "2062"]
[PlyCount "68"]
[EventDate "2017.01.07"]
[EventType "swiss"]
[EventRounds "6"]
[EventCountry "BUL"]
[SourceTitle "CBM 176 Extra"]
[Source "ChessBase"]
[SourceDate "2017.03.02"]
[SourceVersion "1"]
[SourceVersionDate "2017.03.02"]
[SourceQuality "1"]

1. e4 e6 2. d4 d5 3. exd5 exd5 4. Nf3 Nf6 5. Bd3 Bd6 6. Qe2+ Qe7 7. Qxe7+ Bxe7 8. Bf4 c6 9. h3 0-0 10. 0-0 Ne4 11. Nbd2 f5 12. Rfe1 Nd7 13. a3 Re8 14. Rac1 Ndf6 15. c4 Be6 16. cxd5 Bxd5 17. Bc4 Rad8 18. Bc7 Rc8 19. Bf4 Nxd2 20. Nxd2 Bf8 21. Be5 Kf7 22. Re3 Nd7 23. f4 Nxe5 24. Rxe5 g6 25. Rce1 Bg7 26. Rxe8 Rxe8 27. Bxd5+ cxd5 28. Rxe8 Bxd4+ 29. Kf1 Kxe8 30. b3 Be3 31. Nf3 Bxf4 32. Ke2 Ke7 33. Kd3 Kd6 34. a4 Kc5 0-1

[Event "Sofia MGU op 178th"]
[Site "Sofia"]
[Date "2017.01.07"]
[Round "3"]
[White "Vasilev, Luboslav"]
[Black "Sharkov, Venko"]
[Result "1-0"]
[WhiteElo "1813"]
[BlackElo "1701"]
[PlyCount "143"]
[EventDate "2017.01.07"]
[EventType "swiss"]
[EventRounds "6"]
[EventCountry "BUL"]
[SourceTitle "CBM 176 Extra"]
[Source "ChessBase"]
[SourceDate "2017.03.02"]
[SourceVersion "1"]
[SourceVersionDate "2017.03.02"]
[SourceQuality "1"]

1. Nf3 Nf6 2. g3 g6 3. Bg2 Bg7 4. c4 0-0 5. d4 d6 6. h3 c5 7. Nc3 cxd4 8. Nxd4 a6 9. 0-0 Qc7 10. b3 Nc6 11. Be3 h6 12. Qd2 Kh7 13. Rac1 Nxd4 14. Bxd4 Qa5 15. Rfd1 Qh5 16. g4 Qa5 17. Bxf6 Bxf6 18. Nd5 Qa3 19. Nxf6+ exf6 20. Rc2 Rd8 21. Bd5 Rd7 22. Qe3 Qa5 23. Qe8 Qc7 24. Rcd2 Re7 25. Qa4 Qc5 26. b4 Qc7 27. Qb3 Be6 28. e3 Rd7 29. e4 Rad8 30. a4 a5 31. Qc3 axb4 32. Qxb4 Qc5 33. Qxc5 dxc5 34. Rb2 f5 35. f3 fxe4 36. fxe4 h5 37. gxh5 Bxh3 38. hxg6+ Kxg6 39. Rd3 Be6 40. Rb5 Rc7 41. Rdb3 Bxd5 42. exd5 Rdd7 43. Kf2 Kf5 44. Kf3 Ke5 45. Ke3 f5 46. Rb6 f4+ 47. Kd3 Rf7 48. Re6+ Kf5 49. Rb1 Rf6 50. Rxf6+ Kxf6 51. Ke4 Rh7 52. Rf1 Kg5 53. Rg1+ Kf6 54. Kxf4 Rh2 55. Rf1 Ra2 56. Ke4+ Ke7 57. Ke5 Re2+ 58. Kf4 Ra2 59. Re1+ Kd7 60. Ke5 Rxa4 61. Rh1 Rxc4 62. Rh7+ Ke8 63. Rxb7 Rc1 64. Rc7 Kd8 65. Kd6 c4 66. Ra7 Kc8 67. Kc6 Kb8 68. Rb7+ Kc8 69. d6 Rd1 70. d7+ Kd8 71. Rb8+ Ke7 72. Re8+ 1-0

[Event "Sofia MGU op 161st"]
[Site "Sofia"]
[Date "2016.01.16"]
[Round "3"]
[White "Vasilev, Luboslav"]
[Black "Kostov, Nikolai"]
[Result "1/2-1/2"]
[WhiteElo "1830"]
[BlackElo "1793"]
[PlyCount "83"]
[EventDate "2016.01.16"]
[EventType "swiss"]
[EventRounds "6"]
[EventCountry "BUL"]
[SourceTitle "CBM 170 Extra"]
[Source "ChessBase"]
[SourceDate "2016.02.25"]
[SourceVersion "1"]
[SourceVersionDate "2016.02.25"]
[SourceQuality "1"]

1. Nf3 d5 2. g3 g6 3. Bg2 Bg7 4. d4 Nd7 5. c4 c6 6. cxd5 cxd5 7. Nc3 Ngf6 8. 0-0 0-0 9. Bg5 h6 10. Bf4 a6 11. h4 b5 12. Ne5 Bb7 13. Qb3 e6 14. a4 Qb6 15. axb5 Qxd4 16. Nxd7 Nxd7 17. bxa6 Bxa6 18. Bd6 Rfc8 19. Ra4 Qb6 20. Qa3 Bb7 21. Rxa8 Rxa8 22. Qb4 Rc8 23. Rb1 Rc4 24. Qxb6 Nxb6 25. Na2 Rc2 26. e3 Rxb2 27. Rxb2 Bxb2 28. Bc5 Na4 29. Ba7 Ba3 30. Bf1 Bc6 31. Bd4 h5 32. Nc3 Nxc3 33. Bxc3 Kf8 34. Bf6 Be7 35. Bd4 f6 36. Be2 Kf7 37. Bb6 Bd6 38. Ba7 Bc7 39. Bc5 Bb8 40. Bb6 Bd6 41. Ba7 Bc7 42. Bc5 1/2-1/2

[Event "Sofia MGU op 156th"]
[Site "Sofia"]
[Date "2015.11.29"]
[Round "5"]
[White "Mihalev, Daniil"]
[Black "Vasilev, Luboslav"]
[Result "1-0"]
[WhiteElo "1754"]
[BlackElo "1832"]
[PlyCount "53"]
[EventDate "2015.11.28"]
[EventType "swiss"]
[EventRounds "6"]
[EventCountry "BUL"]
[SourceTitle "CBM 169 Extra"]
[Source "ChessBase"]
[SourceDate "2015.12.18"]
[SourceVersion "1"]
[SourceVersionDate "2015.12.18"]
[SourceQuality "1"]

1. Nf3 d5 2. b3 c5 3. Bb2 Nc6 4. e3 Nf6 5. Bb5 a6 6. Bxc6+ bxc6 7. Ne5 Qc7 8. 0-0 e6 9. d3 Bd6 10. f4 h5 11. Nd2 Bb7 12. Ndf3 Ng4 13. Nxg4 hxg4 14. Ne5 f5 15. e4 dxe4 16. dxe4 0-0-0 17. Qe2 g5 18. Nc4 Rxh2 19. Nxd6+ Rxd6 20. Qe3 Qh7 21. Qg3 Rd2 22. Qxh2 Qxh2+ 23. Kxh2 Rxc2 24. exf5 Rxb2 25. f6 Kd7 26. f7 Ke7 27. fxg5 1-0

[Event "Sofia MGU op 151st"]
[Site "Sofia"]
[Date "2015.09.26"]
[Round "1.7"]
[White "Berberyan, Maruke"]
[Black "Vasilev, Luboslav"]
[Result "0-1"]
[WhiteElo "1493"]
[BlackElo "1832"]
[PlyCount "90"]
[EventDate "2015.09.26"]
[EventType "swiss"]
[EventRounds "6"]
[EventCountry "BUL"]
[SourceTitle "EXT 2016"]
[Source "ChessBase"]
[SourceDate "2015.10.08"]
[SourceVersion "1"]
[SourceVersionDate "2015.10.08"]
[SourceQuality "1"]

1. d4 d5 2. c4 c6 3. Nf3 Nf6 4. g3 dxc4 5. Bg2 e6 6. 0-0 Nbd7 7. Nc3 Be7 8. e4 0-0 9. h3 h6 10. Re1 a6 11. a3 Nb6 12. Be3 Qc7 13. Rc1 Rd8 14. Qe2 Bd7 15. Ne5 Be8 16. Nxc4 Nxc4 17. Qxc4 Rac8 18. Qe2 Qa5 19. Red1 Bf8 20. Qf3 Nh7 21. h4 Kh8 22. e5 Qb6 23. Qe2 Qb3 24. Qc2 Qxc2 25. Rxc2 f6 26. Re1 f5 27. Rcc1 Be7 28. Ne2 Bh5 29. Nf4 Bf7 30. b4 g5 31. Nh3 Bh5 32. hxg5 Nxg5 33. Nxg5 Bxg5 34. f4 Be7 35. Kh2 Rg8 36. Rg1 Be2 37. Rc2 Bd3 38. Rf2 Bc4 39. Bf3 Bd5 40. Bh5 Rg7 41. g4 fxg4 42. Rxg4 Rcg8 43. Rxg7 Rxg7 44. Bf3 Bh4 45. Bxd5 Bxf2 0-1

[Event "Sofia MGU op 128th"]
[Site "Sofia"]
[Date "2014.12.06"]
[Round "3"]
[White "Vasilev, Luboslav"]
[Black "Kostov, Nikolai"]
[Result "1-0"]
[WhiteElo "1791"]
[BlackElo "1914"]
[PlyCount "59"]
[EventDate "2014.12.06"]
[EventType "swiss"]
[EventRounds "6"]
[EventCountry "BUL"]
[SourceTitle "CBM 163 Extra"]
[Source "ChessBase"]
[SourceDate "2014.12.23"]
[SourceVersion "1"]
[SourceVersionDate "2014.12.23"]
[SourceQuality "1"]

1. d4 Nf6 2. Nc3 d6 3. e4 Nbd7 4. f4 e5 5. Nf3 exd4 6. Nxd4 Nc5 7. Bb5+ Bd7 8. Bxd7+ Qxd7 9. 0-0 Ncxe4 10. Re1 d5 11. Nf3 0-0-0 12. Ne5 Bc5+ 13. Be3 Bxe3+ 14. Rxe3 Qe7 15. Qd4 c5 16. Qa4 a6 17. Nxe4 Nxe4 18. Qa5 Rd6 19. Rd1 f6 20. Rxe4 fxe5 21. Qxc5+ Qc7 22. Qxc7+ Kxc7 23. Rxe5 Rhd8 24. Kf2 Kc6 25. Rd3 Rf8 26. g3 d4 27. Kf3 Rf7 28. Ke4 Rfd7 29. h4 g6 30. h5 1-0